Vista normal
Vista MARC
Entrada Topical Term
Número de registros utilizados en: 1
001 - CONTROL NUMBER
- control field: 60117
003 - CONTROL NUMBER IDENTIFIER
- control field: OSt
005 - DATE AND TIME OF LATEST TRANSACTION
- control field: 20250606163332.0
008 - FIXED-LENGTH DATA ELEMENTS
- fixed length control field: 250606|| aca||aabn | a|a d
040 ## - CATALOGING SOURCE
- Original cataloging agency: OSt
- Transcribing agency: OSt
150 ## - HEADING--TOPICAL TERM
- Topical term or geographic name entry element: Escritores ingleses
- Chronological subdivision: Siglo XVI
- Form subdivision: Biografias
670 ## - SOURCE DATA FOUND
- Source citation: Work cat.: (OSt)57251: Alexandri, Ferran autor 34619, Me llamo... Shakespeare